000 00450nam a2200193Ia 4500
008 170918s9999 xx 000 0 und d
020 _a9780590427692
050 _bK845 1990
100 _aKorman, Gordon
245 _aLosing Joe's place /
245 _cGordon Korman.
260 _aNew York :
260 _bScholastic,
260 _c1990
300 _a233 pages :
300 _bcolored illustration ;
300 _c17cm.
500 _a790
999 _c342048
_d342048